000 00635nam a2200217 a 4500
001 23823
003 CO-ViMGA
008 141112s2004 ck r 000 u spa d
020 _a9789588675015
040 _aCO-ViMGA
_bspa
_cCO-ViMGA
082 0 4 _a333.72 P687g
100 1 _aPousa, Lucio
_934504
245 1 0 _aLa gestion medioambiental :
_bUn objetivo comun /
_cLucio Pousa
260 _aColombia :
_bIdeaspropias
300 _a142p.
650 1 4 _aDESARROLLO SOSTENIBLE
650 1 4 _aGESTION AMBIENTAL
_911011
650 1 4 _aPROTECCION DEL MEDIO AMBIENTE
650 1 4 _aSISTEMAS DE GESTION AMBIENTAL
_934505
942 _2ddc
_cBK
999 _c31904
_d31904